LEADER 01043nam0 2200301 450 001 000007992 005 20070619130359.0 010 $a88-7524-106-3 100 $a20070619d2006----km-y0itay50------ba 101 0 $aita 102 $aIT 105 $ay-------001yy 200 1 $a<>eredità tra accettazione e rinuncia$fSandro Castro, Alessia Mari, Vincenzo Mazzotta$ga cura di Sandro Castro 210 $aTorino$cGiappichelli$d2006 215 $aXVI, 360 p.$d23 cm 225 2 $aLinea professionale$eCommenti esplicativi, formulari annotati, normativa, gurisprudenza, applicazioni informatiche 410 0$12001$aLinea professionale 610 1 $aSuccessioni 676 $a346.4505$v20 700 1$aCastro,$bSandro$0322564 701 1$aMari,$bAlessia$0322565 701 1$aMazzotta,$bVincenzo$0599458 702 1$aCastro,$bSandro 801 0$aIT$bUNIPARTHENOPE$c20070619$gRICA$2UNIMARC 912 $a000007992 951 $aD-0140$b39572$cNAVA3$d2007 996 $aEredità tra accettazione e rinuncia$91204532 997 $aUNIPARTHENOPE LEADER 00808nam0-2200313---450- 001 990008856670403321 005 20160517150244.0 035 $a000885667 035 $aFED01000885667 035 $a(Aleph)000885667FED01 035 $a000885667 100 $a20090520d1956----km-y0itay50------ba 101 0 $afre 102 $aFR 105 $a--------001yy 200 1 $aChateaubriand$fPierre Moreau 210 $aParis$cHatie$d1956 215 $a208 p.$d17 cm 225 1 $aConnaissance des lettres$v46 610 0 $aChateaubriand, François René de 676 $a840 700 1$aMoreau,$bPierre$0386550 801 0$aIT$bUNINA$gRICA$2UNIMARC 901 $aBK 912 $a990008856670403321 952 $a840 MOR$bdono$fDECLI 959 $aDECLI 996 $aChateaubriand$9171967 997 $aUNINA